Shobhaa at sixty: (Record no. 67080)
[ view plain ]
| 000 -LEADER | |
|---|---|
| fixed length control field | 01652nam a22002537a 4500 |
| 005 - DATE AND TIME OF LATEST TRANSACTION | |
| control field | 20120224115839.0 |
| 010 ## - LCCN (DPL NO) | |
| LC control number | B-461666-670 |
| 020 ## - INTERNATIONAL STANDARD BOOK NUMBER | |
| International Standard Book Number | 9789380480497 |
| Terms of availability | 350.00 |
| 035 ## - SYSTEM CONTROL NUMBER | |
| System control number | B-461666-670 |
| 037 ## - SOURCE OF ACQUISITION | |
| Source of stock number/acquisition | Virtuous/Ven |
| 100 ## - MAIN ENTRY--PERSONAL NAME | |
| Personal name | De, Shobhaa |
| 245 ## - TITLE STATEMENT | |
| Title | Shobhaa at sixty: |
| Statement of responsibility, etc | by Shobhaa De |
| Remainder of title | secrets of getting it right at any age / |
| 260 ## - PUBLICATION, DISTRIBUTION, ETC. (IMPRINT) | |
| Place of publication, distribution, etc | New Delhi |
| Name of publisher, distributor, etc | Hay House Publishers |
| Date of publication, distribution, etc | 2010 |
| 270 ## - ADDRESS | |
| Address | 11, Community Centre, panchsheel Park, |
| City | New Delhi |
| Postal code | 110017 |
| 300 ## - PHYSICAL DESCRIPTION | |
| Extent | 212p. |
| Dimensions | 21cm(pbk) |
| 700 ## - ADDED ENTRY--PERSONAL NAME | |
| 9 (RLIN) | 42986 |
| 942 ## - ADDED ENTRY ELEMENTS (KOHA) | |
| Source of classification or shelving scheme | Dewey Decimal Classification |
| Item type | English Books |
| Call number suffix | DES |
| Classification part | 305.262092 |
| Withdrawn status | Lost status | Not for loan | Collection code | Home library | Current library | Date acquired | Source of acquisition | Cost, normal purchase price | Full call number | Barcode | Copy number | Cost, replacement price | Koha item type | Public note |
|---|---|---|---|---|---|---|---|---|---|---|---|---|---|---|
| Non-fiction | Central Library | Central Library | 08/06/2012 | Virtuous Pub/938/04.02.2012/20/16.01.2012/10.02.2012 | 350.00 | 305.262092 DES | B-461666 | 1 | 350.00 | English Books | Legal Case (Register 2018) | |||
| Non-fiction | Karol Bagh | Karol Bagh | 08/06/2012 | Virtuous Pub/938/04.02.2012/20/16.01.2012/10.02.2012 | 350.00 | 305.262092 DES | B-461669 | 1 | 350.00 | English Books | ||||
| Non-fiction | Patel Nagar | Patel Nagar | 08/06/2012 | Virtuous Pub/938/04.02.2012/20/16.01.2012/10.02.2012 | 350.00 | 305.262092 DES | B-461667 | 1 | 350.00 | English Books | ||||
| Non-fiction | Sarojini Nagar | Sarojini Nagar | 08/06/2012 | Virtuous Pub/938/04.02.2012/20/16.01.2012/10.02.2012 | 350.00 | 305.262092 DES | B-461668 | 1 | 350.00 | English Books | ||||
| Written-off vide DLB M. No. 383 dt 16.05.19 | Non-fiction | Shahdara Branch | Shahdara Branch | 08/06/2012 | Virtuous Pub/938/04.02.2012/20/16.01.2012/10.02.2012 | 350.00 | 305.262092 DES | B-461670 | 1 | 350.00 | English Books |
